| 000 | 00974aab a2200205 i 4500 | ||
|---|---|---|---|
| 001 | 768714001 | ||
| 003 | CO-MdFUSB | ||
| 005 | 20240322162156.0 | ||
| 008 | 240322t1992 ag ||||| |||| 00| 0 spa d | ||
| 040 |
_bspa _cCO-MdFUSB |
||
| 041 | _aspa | ||
| 100 | 1 |
_aAyala, Raúl _eautor |
|
| 245 | 1 | 3 |
_aLa lucha contra el cólera, un informe : _bel caso de Ecuador _c/ Raúl Ayala |
| 300 |
_aVolumen 11, número 1 (enero - marzo, 1992) páginas: 18 - 20 _c; 27 cm |
||
| 520 | _aLa aparición del cólera en el Perú alertó a gobiernos y organizaciones no gubernamentales (ONG) de la región latinoamericana, debido a la facilidad con que podía expandirse la enfermedad por todo el continente, además manifestó la necesidad prioritaria de efectuar diversos tipos de actividades preventivas. | ||
| 653 | _aEcuador | ||
| 653 | _aCólera | ||
| 773 | 0 |
_tIglesia y Misión _049402 _959656 _gVolumen 11, número 1 (enero - marzo, 1992) páginas: 18 - 20 _qpáginas: 18 |
|
| 942 | _cANA | ||
| 999 |
_c51949 _d51949 |
||